500 años después-- de una larga siesta / (Registro nro. 189129)

Detalles MARC
000 -CABECERA
campo de control de longitud fija 00548nam a2200181 u 4500
005 - FECHA Y HORA DE LA ÚLTIMA TRANSACCIÓN
campo de control 20230623063614.0
008 - ELEMENTOS DE LONGITUD FIJA--INFORMACIÓN GENERAL
campo de control de longitud fija 170324s2011 mx r 000 0 spa d
020 ## - NÚMERO INTERNACIONAL NORMALIZADO PARA LIBROS
Número Internacional Estándar del Libro 9786070902987
035 ## - NÚMERO DE CONTROL DEL SISTEMA
Número de control de sistema UPN01000217029
049 ## - COLECCIÓN
Colección I
050 #4 - SIGNATURA TOPOGRÁFICA DE LA BIBLIOTECA DEL CONGRESO
Número de clasificación PQ7298.12 R7
Número de documento/Ítem Q5.6
100 1# - ASIENTO PRINCIPAL--NOMBRE PERSONAL
Nombre de persona Brozon, M. B.,
Fechas asociadas al nombre 1970-
9 (RLIN) 31044
245 10 - MENCIÓN DE TÍTULO
Título 500 años después-- de una larga siesta /
Mención de responsabilidad, etc. M. B. Brozon ; il. Gabriel Gedovius.
260 ## - PUBLICACIÓN, DISTRIBUCIÓN, ETC.
Lugar de publicación, distribución, etc. México :
Nombre del editor, distribuidor, etc. Porrúa,
Fecha de publicación, distribución, etc. 2011.
300 ## - DESCRIPCIÓN FÍSICA
Extensión 38 p. :
Otras características físicas il. col.
650 #4 - ASIENTO SECUNDARIO DE MATERIA - TERMINO TEMATICO
Término de materia o nombre geográfico como elemento de entrada Cuentos infantiles mexicanos
9 (RLIN) 7723
905 ## - TIPO DE MATERIAL
Tipo de material Infantil
Existencias
Estado de retiro Estado de pérdida Fuente del sistema de clasificación o colocación Estado dañado No para préstamo Código de colección Localización permanente Ubicación/localización actual Ubicación en estantería Fecha de adquisición Total de préstamos Renovaciones totales Clasificación Código de barras Fecha visto por última vez Fecha del último préstamo Número de copia Tipo de ítem Koha
    Library of Congress Classification     Infantil Bib. Gregorio Torres Quintero Bib. Gregorio Torres Quintero Sala infantil Planta baja 19/10/2022 2 1 PQ7298.12 R7 Q5.6 306184 04/11/2022 19/10/2022 1 Libro